Apuntes de legislación rural /

Guardado en:
Autor Principal: Serres, José Rafael.
Formato: Libro
Idioma:Spanish
Publicado: Buenos Aires : Centro de Estudiantes de Agronomía, 1942.
Etiquetas: Agregar Etiqueta
Sin Etiquetas, Sea el primero en etiquetar este registro!
LEADER 00481nam a22001335a 4500
001 EEA.libagro004607
005 20181108121826.0
008 130809s1942####ag############000#0#spa#d
082 0 4 |a D348.4 
100 1 |a Serres, José Rafael. 
245 1 0 |a Apuntes de legislación rural /  |c tomados en parte de las clases del Dr. José Rafael Serres. 
260 |a Buenos Aires :  |b Centro de Estudiantes de Agronomía,  |c 1942. 
300 |a 355 p. ;  |c 34 cm. 
859 |a AR-BbBCA  |b BIB. AGRONOMIA  |h D348  |i S488  |p 1992/1852